| 000 | 03559nkm0a2200433 4500 | ||
|---|---|---|---|
| 001 | RU\NLR\BIBL_A\022718705 | ||
| 005 | 20260406032946.0 | ||
| 035 | _a(NLR Aleph) 022718705 | ||
| 071 | 5 | 0 |
_d3 р. 50 коп. _96000 |
| 090 |
_a89224 _c89224 |
||
| 100 | _a20260204d1945 b y0rusy50 ca | ||
| 101 | 0 | _arus | |
| 102 | _aRU | ||
| 116 | _aiiycxx bf zz | ||
| 181 | 0 |
_ab2 _bxb2e |
|
| 181 | 0 |
_ai2 _bxxxe |
|
| 182 | 0 | _an | |
| 200 | 1 |
_aВанька-Встанька _e[книжка-игрушка] _fС. Маршак _gпридумал А. Глуховцев _gрисунки Ю. Васнецова _g[наблюдающий за изданием: Л. Волховер] |
|
| 203 |
_aИзображение _aТекст _bвизуальные _cнепосредственные |
||
| 210 |
_aКуйбышев _cиздание Куйбышевского художественного фонда _dпеч. 1945 _e[Куйбышев] _gЛитография Горместпрома |
||
| 215 |
_a1 л. (слож. в [8] с.) _cцв. ил. _d14х10 |
||
| 300 | _aНа тит. л.: Печатается по изданию Детгиз'а 1944 г. | ||
| 300 | _aНа обл. вых. дан.: Детгиз, 1945 | ||
| 300 | _aВ вып. дан.: Е000989 ; Подписано к печати 1/VIII-1945 г. | ||
| 309 | _aКнижка-гармошка в обл. с фигур. вырубкой | ||
| 606 |
_aКнижки-игрушки _3RU\NLR\AUTH\6601765960 _92696004 |
||
| 686 | 1 | _aШ801.38 | |
| 686 | 1 | _aЧ617.67/68 | |
| 700 | 1 |
_8rus _7ca _aМаршак _bС. Я. _f1887-1964 _gСамуил Яковлевич _3RU\NLR\AUTH\774792 _9114767 |
|
| 702 | 1 |
_4130 _7ca _8rus _aГлуховцев _bА. Е. _f1910-1998 _gАлександр Ерофеевич _9193309 _3RU\NLR\AUTH\770193360 |
|
| 702 | 1 |
_4440 _8rus _7ca _aВаснецов _bЮ.А. _gЮрий Алексеевич _f1900-1973 _3RU\NLR\AUTH\7740007 _922962 |
|
| 830 | _a"Литография Горместпрома, г. Куйбышев, 1951 г.": https://dspace.nplg.gov.ge/handle/1234/507104, https://dspace.nplg.gov.ge/bitstream/1234/507104/2/PN_828_B.jpg (04.02.2026). АЯ ОЭФ | ||
| 830 | _a"«Пока оформлял договор в «Детгизе», – писал в своих воспоминаниях художник, – «я побывал на совещании у его директора, Дубровиной, где обсуждался вопрос о создании для малышей книжек нового типа, – «книжек-игрушек». Он принял участие в конкурсе, объявленном издательством, на лучшую книжку-игрушку. Его работы экспонировались в Москве на выставке продукции «Детгиза» (1944), получили высокую оценку в печати, были приняты к тиражному изданию. За издание «Ваньки-Встаньки» С. Маршака Александр Ерофеевич был награжден премией Наркомпроса РСФСР и Детгиза за лучшее оформление книг для дошкольного возраста": http://heritage-magazine.com/wp-content/uploads/2016/07/2016_2_Slutsky.pdf (05.02.2026). АЯ ОЭФ | ||
| 942 | _cVISUAL | ||
| 945 | _aРоссийская национальная библиотека | ||
| 980 | _aBV | ||
| 980 | _aNB | ||